Singapore and Malaysia customs handbook.
| Format: | Book |
|---|---|
| Published: |
Singapore:
Rank Books,
1990.
|
| Edition: | Revised edition. |
| Subjects: |
| LEADER | 00491cam a2200181 7i4500 | ||
|---|---|---|---|
| 001 | 0000002935 | ||
| 005 | 19991025090000.0 | ||
| 002 | ##000004237 | ||
| 020 | 0 | 0 | |a 981-00-2178-x |
| 090 | 0 | 0 | |a M 382.7 |b SIN |
| 245 | 0 | 0 | |a Singapore and Malaysia customs handbook. |
| 250 | 0 | 0 | |a Revised edition. |
| 260 | 0 | 0 | |a Singapore: |b Rank Books, |c 1990. |
| 300 | 0 | 0 | |a 128p. |
| 650 | 0 | 0 | |a Customs administration |
| 651 | 0 | 0 | |a Singapore |
| 651 | 0 | 0 | |a Malaysia |
| 999 | |a 0000004236 |b Book |c Open shelf |e Business Information Centre | ||


